000 00276nam a22001217a 4500
999 _c12345
_d12345
020 _a9781787403970
082 _a657
100 _aACCA-British Library
245 _aACCA-PERFORMANCE MANAGEMENT
260 _aUK
_bKaplan Publishing
_c2019
300 _a491 pages.
942 _cBK